Asian Legal Information Institute (Record no. 120683)

MARC details
000 -LEADER
fixed length control field 01077cai a22001815a 4500
001 - CONTROL NUMBER
control field L144617
008 - FIXED-LENGTH DATA ELEMENTS--GENERAL INFORMATION
fixed length control field 080731u xxk g v 000 0 eng d
035 ## - SYSTEM CONTROL NUMBER
System control number (Sirsi) u144617
041 0# - LANGUAGE CODE
Language code of text/sound track or separate title eng
110 2# - MAIN ENTRY--CORPORATE NAME
Corporate name or jurisdiction name as entry element Asian Legal Information Institute
9 (RLIN) 5581
245 00 - TITLE STATEMENT
Title Asian Legal Information Institute
Medium [electronic resource]
520 ## - SUMMARY, ETC.
Summary, etc. The Asian Legal Information Institute is a non-profit and free access website for legal information from 28 Asian countries and territories. Includes 189 databases of information on legislation, case-law, law reform reports, law journals, and other legal information. They can be searched together, separately by country, or as individual databases. Provides a catalogue of legal websites and a "Law on Google" facility, which helps you find legal materials from a particular jurisdiction using the Google search engine. Site mainly in English, but has user guides in several Asian languages.
590 ## - LOCAL NOTE (RLIN)
Local note KA
651 #4 - SUBJECT ADDED ENTRY--GEOGRAPHIC NAME
Geographic name Asia
690 ## - LOCAL SUBJECT ADDED ENTRY--TOPICAL TERM (OCLC, RLIN)
Topical term or geographic name as entry element LAW
856 40 - ELECTRONIC LOCATION AND ACCESS
Uniform Resource Identifier <a href="https://www.asianlii.org/">https://www.asianlii.org/</a>
Public note View the website at www.asianlii.org...
942 ## - ADDED ENTRY ELEMENTS (KOHA)
Suppress in OPAC 0
Holdings
Withdrawn status Lost status Source of classification or shelving scheme Damaged status Not for loan Home library Current library Shelving location Date acquired Total Checkouts Full call number Barcode Date last seen Copy number Price effective from Koha item type
    Dewey Decimal Classification     Virtual Virtual Online 31/07/2008   ONLINE PUBLICATION 144617-1001 06/08/2019 1 06/08/2019 Online material